000 00317pam a2200145 a 4500
020 _c
041 _h
082 _a330
_bDES
100 _aDesai
245 _aEconomic Planning And Policy
_hTextual Documents
260 _aMumbai
_bHimalay Publishing House
300 _a592
700 _aBhalerao
930 _a2646
999 _c109477
_d109477